Chicano visions (Record no. 108)

MARC details
000 - LÍDER
campo de control de longitud fija 01193nam a2200205Ia 4500
008 - ELEMENTOS DE DATOS DE LONGITUD FIJA - INFORMACIÓN GENERAL
campo de control de longitud fija 0000002002 us a 0000000000eng00
090 ## - NÚMERO DE LLAMADA DE TIPO LC LOCALMENTE ASIGNADO (OCLC)
Número de clasificación (OCLC) (R) PUS00 C33
245 10 - TÍTULO DECLARACIÓN
Título Chicano visions
Resto del título : american painters on the Verge
Declaración de responsabilidad / Cheech Marin ; essays by Max Benavidez, Constance Cortez, Tere Romo
260 ## - PUBLICACIÓN, DISTRIBUCIÓN
Lugar de publicación Boston : Brow
Fecha de publicación 2002
300 ## - DESCRIPCIÓN FÍSICA
Alcance 159 p.
Dimensiones / 26 cm.
500 ## - NOTA GENERAL
Nota general Con el patronazgo del maestro venezolano Jesús Rafael Soto (q.e.p.d.)
505 ## - NOTA DE CONTENIDO FORMATEADA
Nota sobre el contenido formateado Carlos Almaraz Charles Chaz Bojorquez David Botello Mel Casas Gaspar Enríquez Diane Gamboa Margaret García Rupert García Carmen Lomas Garza . Glugio Gronk Nicandro Raeul Guerrero Wayne Alaniz Healy Adan Hernández Ester Hernández Leo Limón Gilbert Magu Lujan César Martínez Frank Romero Frank Romero AleX Rubio Marta Sánchez Eloy Torrez Jesse Treviño John Valadez Patssi Valdez Vincent Valdez George Yepes
650 14 - ENTRADA DE SUJETO AÑADIDO - TÉRMINO TÓPICO
Término tópico o elemento de entrada del nombre geográfico PINTURA MODERNA
650 14 - ENTRADA DE SUJETO AÑADIDO - TÉRMINO TÓPICO
Término tópico o elemento de entrada del nombre geográfico ARTE CONTEMPORANEO
650 14 - ENTRADA DE SUJETO AÑADIDO - TÉRMINO TÓPICO
Subdivisión general CATALOGOS
650 14 - ENTRADA DE SUJETO AÑADIDO - TÉRMINO TÓPICO
Término tópico o elemento de entrada del nombre geográfico PINTORES MEXICANOAMERICANOS
650 14 - ENTRADA DE SUJETO AÑADIDO - TÉRMINO TÓPICO
Término tópico o elemento de entrada del nombre geográfico PINTURA ACRILICA (ARTE)
650 14 - ENTRADA DE SUJETO AÑADIDO - TÉRMINO TÓPICO
Término tópico o elemento de entrada del nombre geográfico PINTURA AL OLEO
700 1# - ENTRADA AGREGADA - NOMBRE PERSONAL
Nombre de la persona Marin, Cheech \ Cortez, Constance \ Romo, Tere \ Benavides, Max
Holdings
Estado de retirada Pérdida de estatus Estado dañado No para préstamo Código de recogida Ubicación permanente Ubicación actual Ubicación de las estanterías Fecha de adquisición Número de llamada completo Código de barras Fecha de la última vez que se vio Número de copia Precio efectivo desde Tipo de artículo Koha
        General ArtNexus ArtNexus General 06/09/2022 P-US-00 C33 108 06/09/2022 Ej.1 06/09/2022 Libro

Powered by Koha